Suez : (Record no. 30157)
[ view plain ]
| 000 -LEADER | |
|---|---|
| fixed length control field | 01904nam a2200433 i 4500 |
| 001 - CONTROL NUMBER | |
| control field | 14802496 |
| 003 - CONTROL NUMBER IDENTIFIER | |
| control field | EG-ScBUE |
| 005 - DATE AND TIME OF LATEST TRANSACTION | |
| control field | 20230216042454.0 |
| 008 - FIXED-LENGTH DATA ELEMENTS--GENERAL INFORMATION | |
| fixed length control field | 150929r20172011enkab f b 001 0 eng d |
| 020 ## - INTERNATIONAL STANDARD BOOK NUMBER | |
| Cancelled/invalid ISBN | 9781848855335 |
| 035 ## - SYSTEM CONTROL NUMBER | |
| System control number | (CaONFJC)MIL316912 |
| 040 ## - CATALOGING SOURCE | |
| Original cataloging agency | MiAaPQ |
| Language of cataloging | eng |
| Description conventions | rda |
| -- | pn |
| Transcribing agency | MiAaPQ |
| Modifying agency | MiAaPQ |
| -- | EG-ScBUE |
| 043 ## - GEOGRAPHIC AREA CODE | |
| Geographic area code | f-ua--- |
| 082 04 - DEWEY DECIMAL CLASSIFICATION NUMBER | |
| Edition number | 22 |
| Classification number | 956.044 |
| Item number | KYL |
| 100 1# - MAIN ENTRY--PERSONAL NAME | |
| Personal name | Kyle, Keith, |
| Relator term | author. |
| 245 10 - TITLE STATEMENT | |
| Title | Suez : |
| Remainder of title | Britain's end of empire in the Middle East / |
| Statement of responsibility, etc | Keith Kyle ; foreword by Wm. Roger Louis ; afterword by Peter Hennessy. |
| 250 ## - EDITION STATEMENT | |
| Edition statement | Reprint edition. |
| 264 #1 - PUBLICATION, DISTRIBUTION, ETC. (IMPRINT) | |
| Place of publication, distribution, etc | London, [England] ; |
| -- | New York, New York : |
| Name of publisher, distributor, etc | I.B. Tauris, |
| Date of publication, distribution, etc | 2017. |
| 300 ## - PHYSICAL DESCRIPTION | |
| Extent | xvi, 686 pages : |
| Other physical details | illustrations, maps ; |
| Dimensions | 24 cm |
| 336 ## - CONTENT TYPE | |
| Content type term | text |
| Content type code | txt |
| Source | rdacontent |
| 337 ## - MEDIA TYPE | |
| Media type term | computer |
| Media type code | c |
| Source | rdamedia |
| 338 ## - CARRIER TYPE | |
| Carrier type term | online resource |
| Carrier type code | cr |
| Source | rdacarrier |
| 500 ## - GENERAL NOTE | |
| General note | "'Masterpiece', Peter Hennessy"--Cover. |
| 504 ## - BIBLIOGRAPHY, ETC. NOTE | |
| Bibliography, etc | Includes bibliographical references and index. |
| 588 ## - SOURCE OF DESCRIPTION NOTE | |
| Source of description note | Description based on online resource; title from PDF title page (EBL, viewed September 28, 2015). |
| 590 ## - LOCAL NOTE (RLIN) | |
| Local note | Access is available to the Yale community. |
| 651 #7 - SUBJECT ADDED ENTRY--GEOGRAPHIC NAME | |
| Geographic name | Egypt |
| General subdivision | History |
| Chronological subdivision | Intervention, 1956. |
| Source of heading or term | BUEsh |
| 653 ## - INDEX TERM--UNCONTROLLED | |
| Resource For college | BAEPS, Political Science |
| Arrived date list | February2023 |
| 655 ## - INDEX TERM--GENRE/FORM | |
| Form subdivision | Reading book |
| 700 1# - ADDED ENTRY--PERSONAL NAME | |
| Personal name | Hennessy, Peter, |
| Relator term | author of introduction, etc. |
| 700 1# - ADDED ENTRY--PERSONAL NAME | |
| Personal name | Louis, Roger, |
| Relator term | author of introduction, etc. |
| 730 0# - ADDED ENTRY--UNIFORM TITLE | |
| Uniform title | ProQuest ebook central. |
| 776 08 - ADDITIONAL PHYSICAL FORM ENTRY | |
| Display text | Print version: |
| Main entry heading | Kyle, Keith. |
| Title | Suez : Britain's end of empire in the Middle East. |
| Place, publisher, and date of publication | London, [England] ; New York, New York : I.B. Tauris, c2011 |
| Physical description | xvi, 686 pages |
| International Standard Book Number | 9781848855335 |
| 856 40 - ELECTRONIC LOCATION AND ACCESS | |
| Link text | Online book |
| Uniform Resource Identifier | <a href="https://yale.idm.oclc.org/login?URL=https://ebookcentral.proquest.com/lib/yale-ebooks/detail.action?docID=738285">https://yale.idm.oclc.org/login?URL=https://ebookcentral.proquest.com/lib/yale-ebooks/detail.action?docID=738285</a> |
| 942 ## - ADDED ENTRY ELEMENTS (KOHA) | |
| Source of classification or shelving scheme | Dewey Decimal Classification |
| Koha item type | Book - Borrowing |
| 946 ## - LOCAL PROCESSING INFORMATION (OCLC) | |
| a | DO NOT EDIT. DO NOT EXPORT. |
| Withdrawn status | Lost status | Source of classification or shelving scheme | Damaged status | Not for loan | Collection code | Home library | Current library | Shelving location | Date acquired | Source of acquisition | Cost, normal purchase price | Serial Enumeration / chronology | Total Checkouts | Full call number | Barcode | Date last seen | Cost, replacement price | Price effective from | Koha item type |
|---|---|---|---|---|---|---|---|---|---|---|---|---|---|---|---|---|---|---|---|
| Dewey Decimal Classification | Baccah | Central Library | Central Library | Second Floor | 16/02/2023 | Purchase | 450.00 | 37179 | 956.044 KYL | 000044788 | 15/07/2025 | 562.50 | 16/02/2023 | Book - Borrowing |